000 01527nam a2200397 i 4500
001 xx005915952
003 NUKAT
005 20260330124806.0
008 260330s2017 pl a |000 0 pol c
020 _a9788393915217
_q(oprawa miękka)
035 _a(NUKAT)xx005915952
040 _aOLSZT 008/bak
_bpol
_erda
_cOLSZT 008/bak
046 _k2017
245 0 0 _aPoznajemy parki krajobrazowe Warmii i Mazur :
_bpraca zbiorowa.
260 _aGiżycko :
_bFundacji Ochrony Wielkich Jezior Mazurskich. Mazurskie Centrum Edukacji Ekologicznej,
_c2017.
300 _a91, [5] stron :
_bilustracje kolorowe ;
_c21 cm.
336 _aTekst
_btxt
_2rdacontent
336 _aObraz
_bsti
_2rdacontent
337 _aBez urządzenia pośredniczącego
_bn
_2rdamedia
338 _aWolumin
_bnc
_2rdacarrier
380 _aKsiążki
380 _aPublikacje popularnonaukowe
388 1 _a2001-
500 _aDodatek do tytułu na 2 stronie okładki.
536 _aPrzygotowanie i druk sfinansowano ze środków Wojewódzkiego Funduszu Ochrony Środowiska i Gospodarki Wodnej w Olsztynie
650 7 _aParki krajobrazowe
_2DBN
_939201
651 7 _aMazury
_2DBN
_935176
651 7 _aPolska
_2DBN
_935076
651 7 _aWarmia
_2DBN
_935166
655 7 _aPraca zbiorowa
_2DBN
_935107
655 7 _aPublikacja bogato ilustrowana
_2DBN
_935165
658 _aOchrona środowiska
710 2 _aMazurskie Centrum Edukacji Ekologicznej (Giżycko).
_eWydawca
_4pbl
_939199
920 _a978-83-939152-1-7 (oprawa miękka)
942 _2ddc
_cBK_NM
999 _c27346
_d27346